01328cam a2200337 a 450000100100000000500170001000800410002702000150006803500190008304000250010205000240012708200200015110000270017124500850019826000790028330000210036250000420038350400740042565000270049965000270052665000490055365000270060265000330062965000480066265000500071065000460076091000340080604900090084095201240084999900170097300001203520260429105033.0910831s1991 mx b 000 0 spa  a9686101160 a(DLC) 91190760 aDO-SdBNPcDLCdBNPHU00aHE8699.M4bR65 1991 a384.54bR766ó1 aRomo, Cristina.92846410aOndas, canales y mensajes :bun perfil de la radio en México /cCristina Romo. aGuadalajara :bITESO :bDepartamento de Extensión Universitaria,cc1991. a141 p. ;c21 cm. aPrimera reimpresión del año 1993. aIncluye referencias bibliográficas y notas al pie de las páginas. 4aRadiodifusión928465 0aRADIOzMÉXICO928466 4aSistematización de la información928467 4aDocumentación928468 4aComunicación masiva928469 4aInvestigación de la comunicación928470 4aRadio en el desarrollo de la comunidad928471 4aRadiodifusiónxAspectos sociales928472 aCatalogación por copia / LC aBNGR 001052708MOaGRbGRcCTd2009-11-03iLF1l0o384.54 R766óp12035-10r2020-06-25w2020-06-25y2ZPréstamo interno c11703d11703